000
00271nam a2200109Ia 4500
005
20251222153522.0
008
251222s9999||||xx |||||||||||||| ||spa||
082
_a
658/B45
100
_a
"Bertoletti, Mario E.y otros"
245
0
_a
Administración de empresas
942
_c
LIB
999
_c
29747
_d
29747